LEADER 01261nam a2200277 a 4500 001 000000154054 003 CaOOAMICUS 005 20160919125757.0 008 160919s1938 it u000 u ita r 032 $aLibriCat 040 $aPUL$bita 100 1 $aDeandrea, Stefano,$cO.P.$0(OLS)http://pul/name/98065 245 12$aL'identitį dell'essere e del conoscere nella Veritį divina /$cP. Stefano Deandrea O.P. 260 $aRoma :$bPontificio Ateneo "Angelicum",$c1938. 300 $a50 p. ;$c25 cm. 500 $aEx: Angelicum 15 (1938) n. 4, pp. 465-514. 502 $aEstratto da tesi -- Pontificium Institutum Angelicum de Urbe, Facultate Sacrae Theologiae, 1938. 504 $aBibliografia in nota. 650 4$aVeritą$xAspetti religiosi.$0(OLS)http://pul/subject/33401 710 2 $aPontificio Ateneo Angelicum.$bFacoltą di Teologia.$kTesi.$0(OLS)http://pul/name/97565 850 $aPUL 852 $aPUL$W1$xDP1 Tesi Pon. Univ. S. Tommaso$y44$mTH S.THOM TH50$j177068$qTesi$B180031$CPULBib$Z2$F180031 $81 941 1 $a16 996 $6245$aL'identitį dell'essere e del conoscere nella Veritį divina$9(OLS)http://pul/title/193630 996 $6260$aRoma :$bPontificio Ateneo "Angelicum"$9(OLS)http://pul/publisher/75280 LEADER 01063nam a2200253 a 4500 001 000000140572 003 CaOOAMICUS 005 20141119111704.0 008 141119s1952 it u000 u ita r 040 $aPUL$bita 100 1 $aPavese, Cesare,$d1908-1950.$0(OLS)http://pul/name/65424 245 13$aIl mestiere di vivere :$b(Diario 1935-1950) /$cCesare Pavese. 260 $aTorino :$bEinaudi,$c1952. 300 $a407 p. ;$c22 cm 490 1 $aSaggi ;$v157 830 0$aSaggi (Einaudi) ;$v157.$0(OLS)http://pul/title/9841 850 $aPUL 852 $aPUL$W1$xDP1 Fondo Dalla Palma$y117$m1 C 77$j42068$qFondi$B194304$CPULBib$Z2$F194304 $HDal567 $81 852 $aPUL$W1$xDP1 Fondo Capitani$y116$m1 B 16.157$j162374$qFondi$B161895$CPULBib$Z2$F161895 $HCap1246 $81 941 1 $a1 961 $aNota ms. di possesso: Capitani. 996 $6245$aIl mestiere di vivere :$b(Diario 1935-1950)$9(OLS)http://pul/title/177913 996 $6260$aTorino :$bEinaudi$9(OLS)http://pul/publisher/48130